[Event "Bucharest schev1"]
[Site "Bucharest"]
[Date "1993.??.??"]
[Round "4"]
[White "Gilbert, Christophe"]
[Black "Petre, Marian"]
[Result "0-1"]
[WhiteElo "2090"]
[BlackElo "2320"]
[PlyCount "110"]
[EventDate "1993.??.??"]
[EventType "schev"]
[EventRounds "8"]
[EventCountry "ROU"]
[SourceTitle "EXT 2004"]
[Source "ChessBase"]
[SourceDate "2003.11.25"]
[SourceVersion "1"]
[SourceVersionDate "2003.11.25"]
[SourceQuality "1"]

1. d4 Nf6 2. c4 e6 3. Nf3 b6 4. g3 Bb7 5. Bg2 Bb4+ 6. Bd2 Be7 7. Nc3 Ne4 8. Nxe4 Bxe4 9. Nh4 Bxg2 10. Nxg2 0-0 11. 0-0 f5 12. Bc3 Bf6 13. Qd3 Nc6 14. Rad1 Ne7 15. e4 fxe4 16. Qxe4 Nf5 17. Ne3 Nd6 18. Qd3 Qe8 19. f4 Qh5 20. Rde1 Rae8 21. b3 g5 22. Kg2 Bg7 23. fxg5 Qxg5 24. Bd2 Qh5 25. Bb4 Rxf1 26. Rxf1 Nf7 27. Qd1 Qg6 28. Qc2 Bxd4 29. Qxg6+ hxg6 30. Ng4 c5 31. Bd2 Kg7 32. h4 Rh8 33. Bf4 d6 34. Re1 e5 35. Be3 Rd8 36. Kf3 a6 37. Ke4 b5 38. Bxd4 d5+ 39. cxd5 exd4 40. Rc1 Nd6+ 41. Kd3 Nb7 42. Re1 Kf8 43. Re6 Rxd5 44. Rxg6 Nd6 45. Ne5 Rxe5 46. Rxd6 Re3+ 47. Kd2 Rxg3 48. Rxa6 c4 49. bxc4 bxc4 50. Ra4 c3+ 51. Kc2 Rg2+ 52. Kb3 Rb2+ 53. Ka3 d3 54. Rc4 d2 55. Rxc3 Rb1 0-1